[Event "Mechanics' Fall TNM; G/2"]
[Site "San Francisco"]
[Date "2015.11.03"]
[Round "3.9"]
[White "Basak, Aniruddha"]
[Black "Campers Jr, Willie"]
[Result "1-0"]
[WhiteElo "2167"]
[BlackElo "1760"]
[PlyCount "155"]
[EventDate "2015.??.??"]

1. e4 e6 2. d4 d5 3. Nc3 Bb4 4. e5 c5 5. Bd2 cxd4 6. Nb5 Bc5 7. b4 Be7 8. Qg4
Kf8 9. Nxd4 Nd7 10. Ngf3 h5 11. Qf4 Nb6 12. Be2 Bd7 13. O-O Rc8 14. a3 Nc4 15.
Rfd1 Nh6 16. b5 h4 17. Bb4 Kg8 18. Bxc4 Rxc4 19. Rab1 h3 20. g3 Nf5 21. Bxe7
Qxe7 22. Nxf5 exf5 23. Qg5 Qxg5 24. Nxg5 Be6 25. Rd2 Rh5 26. f4 Kf8 27. Rb4 Rc3
28. Ra4 Rc5 29. Rb4 Ke7 30. Nf3 Rh8 31. Nd4 Rhc8 32. Ra4 Ra8 33. Kf2 g6 34. Ke1
Bd7 35. Rb4 Rac8 36. Kd1 Rc3 37. Ra4 a6 38. Ra5 R8c5 39. bxa6 bxa6 40. Rxa6 Rc7
41. Ra5 Rb7 42. Nb3 Be6 43. a4 Rb4 44. Ra7+ Kd8 45. Ra8+ Kc7 46. Rh8 Rxa4 47.
Rxh3 Re4 48. Rh7 Rf3 49. Kc1 Rf1+ 50. Kb2 Rb4 51. Ka3 Rb6 52. Kb2 Rf3 53. Kc1
Rf1+ 54. Rd1 Rf3 55. Nd4 Rf2 56. Nxe6+ Rxe6 57. Rxf7+ Kc6 58. Rh7 Kc5 59. Rd2
Rf1+ 60. Rd1 Rf2 61. Rh6 d4 62. Rh8 Rc6 63. Rd8 Kb6 64. Rd2 Rf1+ 65. Kb2 Kc7
66. R8xd4 Rb6+ 67. Kc3 Rf3+ 68. R2d3 Rf2 69. Rc4+ Kb7 70. Rd7+ Kb8 71. Rd2 Rf3+
72. Kd4 Ra3 73. Kd5 Ra7 74. Rc6 Rxc6 75. Kxc6 Rc7+ 76. Kd6 Kc8 77. Ke6 Rc6+ 78.
Kf7 1-0

[Event "Mechanics' Spring TNM; G/2"]
[Site "San Francisco"]
[Date "2015.04.28"]
[Round "7.3"]
[White "Basak, Aniruddha"]
[Black "Fuentes, Romulo"]
[Result "1-0"]
[WhiteElo "2039"]
[BlackElo "2225"]
[PlyCount "77"]
[EventDate "2015.??.??"]

1. e4 c5 2. Nf3 e6 3. d4 cxd4 4. Nxd4 Nf6 5. Nc3 Bb4 6. e5 Nd5 7. Qg4 O-O 8.
Bh6 g6 9. Bxf8 Qxf8 10. Nde2 Nc6 11. Qg3 Qc5 12. a3 Nxc3 13. Nxc3 Bxc3+ 14.
Qxc3 Qxc3+ 15. bxc3 Nxe5 16. Be2 b6 17. f4 Nc6 18. O-O-O Kf8 19. Rd6 Ke7 20.
Rhd1 Rb8 21. Bb5 Na5 22. Bxd7 Nc4 23. Rc6 Bxd7 24. Rxc4 Rb7 25. g4 Bb5 26. Re4
Rc7 27. Kb2 Rc5 28. Re5 Rxe5 29. fxe5 Be2 30. Rd4 h6 31. c4 a6 32. Kc3 f6 33.
exf6+ Kxf6 34. Rd6 b5 35. c5 Ke7 36. h3 g5 37. Kd4 Bf1 38. Ke5 Bxh3 39. c6 1-0

[Event "Mechanics' Summer TNM; G/2"]
[Site "San Francisco"]
[Date "2015.06.09"]
[Round "3.5"]
[White "Basak, Aniruddha"]
[Black "Gomez, David Flores"]
[Result "1/2-1/2"]
[WhiteElo "2031"]
[BlackElo "1809"]
[PlyCount "87"]
[EventDate "2015.??.??"]

1. e4 d6 2. d4 g6 3. Nc3 Bg7 4. Nf3 Nf6 5. h3 O-O 6. Be3 a6 7. a4 Nbd7 8. e5
Ne8 9. Bc4 Nb8 10. Qe2 c6 11. O-O Nc7 12. Rfd1 d5 13. Bd3 Be6 14. Qd2 f5 15.
Bh6 Bh8 16. Ne2 Bf7 17. h4 Nd7 18. h5 Ne6 19. hxg6 Bxg6 20. Nh4 Bg7 21. Bxg7
Kxg7 22. Nf4 Nxf4 23. Qxf4 e6 24. Be2 Rg8 25. Rd3 Nf8 26. Rg3 Kh8 27. Qh6 Qe7
28. c4 Qg7 29. Qd2 Rd8 30. c5 Qe7 31. Qf4 Rd7 32. Raa3 Qd8 33. Rh3 Rgg7 34.
Rag3 Kg8 35. Qh6 Qa5 36. Nxg6 Rxg6 37. Rxg6+ Nxg6 38. Bh5 Rg7 39. Rg3 Qe1+ 40.
Kh2 Qxf2 41. Bxg6 Qxg3+ 42. Kxg3 Rxg6+ 43. Qxg6+ hxg6 44. Kf4 1/2-1/2

[Event "Mechanics' Fall TNM; G/2"]
[Site "San Francisco"]
[Date "2015.11.10"]
[Round "4.5"]
[White "Basak, Aniruddha"]
[Black "Manvelyan, Hovik"]
[Result "1-0"]
[WhiteElo "2167"]
[BlackElo "2026"]
[PlyCount "43"]
[EventDate "2015.??.??"]

1. e4 e6 2. d4 d5 3. Nc3 Bb4 4. e5 Qd7 5. Qg4 f5 6. Qg3 b6 7. Nf3 Bb7 8. Bd2
Nc6 9. Bb5 O-O-O 10. a3 Bf8 11. O-O Qf7 12. b4 h6 13. h4 Nge7 14. Rfb1 g5 15.
hxg5 hxg5 16. Bxg5 Bh6 17. Bxc6 Rdg8 18. Bxb7+ Kxb7 19. Kf1 Bxg5 20. Nxg5 Rh1+
21. Ke2 Qh5+ 22. Qf3 1-0

[Event "Mechanics' Summer TNM; G/2"]
[Site "San Francisco"]
[Date "2015.06.02"]
[Round "2.9"]
[White "Basak, Aniruddha"]
[Black "Melville, Cailen J"]
[Result "1-0"]
[WhiteElo "2031"]
[BlackElo "1783"]
[PlyCount "55"]
[EventDate "2015.??.??"]

1. e4 e6 2. d4 d5 3. Nc3 dxe4 4. Nxe4 b6 5. Nf3 Bb7 6. Bd3 Nd7 7. Qe2 Ngf6 8.
O-O Be7 9. Nxf6+ Nxf6 10. Bf4 O-O 11. Rad1 Bd6 12. Ne5 h6 13. c4 Qe7 14. a3 a5
15. Rd2 Nd7 16. Rfd1 Bxe5 17. dxe5 Nc5 18. Bc2 Rfd8 19. Be3 Rxd2 20. Rxd2 Bc6
21. Rd1 Nb7 22. Rd4 Rd8 23. Qd3 f5 24. exf6 gxf6 25. Rg4+ Kh8 26. Qg6 f5 27.
Qxh6+ Qh7 28. Qf6+ 1-0

[Event "Mechanics' Fall TNM; G/2"]
[Site "San Francisco"]
[Date "2015.12.08"]
[Round "8.6"]
[White "Basak, Aniruddha"]
[Black "Ortega, Bill"]
[Result "1-0"]
[WhiteElo "2167"]
[BlackElo "2077"]
[PlyCount "88"]
[EventDate "2015.??.??"]

1. e4 d5 2. exd5 Nf6 3. d4 Nxd5 4. Nf3 Bg4 5. Be2 Nc6 6. h3 Bh5 7. O-O e6 8. c4
Nb6 9. b3 Be7 10. Be3 O-O 11. Nbd2 Bg6 12. Nb1 a5 13. a3 Bf6 14. Nc3 Qe7 15.
Rc1 Rfd8 16. c5 Nd7 17. Nb5 Nde5 18. Qd2 Be4 19. Ng5 Bg6 20. Rfd1 h6 21. Nf3
Be4 22. Nxe5 Nxe5 23. Qe1 Ng6 24. g3 Bc6 25. Bc4 Qd7 26. Nc3 Ne7 27. Rd2 Nd5
28. Nxd5 Bxd5 29. a4 c6 30. Rcd1 g5 31. Qe2 Qe7 32. Qh5 Bg7 33. f4 f6 34. Rf1
Qe8 35. Qe2 Qg6 36. Bxd5 exd5 37. f5 Qf7 38. Qf3 Re8 39. Bf2 Re4 40. Qc3 Qc7
41. Kg2 Rae8 42. Qd3 Qd7 43. g4 h5 44. gxh5 Qxf5 {Black lost on time.} 1-0

[Event "Mechanics' Fall TNM; G/2"]
[Site "San Francisco"]
[Date "2015.12.01"]
[Round "7.3"]
[White "Basak, Aniruddha"]
[Black "Pan, Hongkai"]
[Result "1/2-1/2"]
[WhiteElo "2167"]
[BlackElo "2091"]
[PlyCount "93"]
[EventDate "2015.??.??"]

1. e4 e5 2. Nf3 Nc6 3. d4 exd4 4. Bc4 Bc5 5. c3 Nf6 6. cxd4 Bb4+ 7. Bd2 Nxe4 8.
Bxb4 Nxb4 9. Bxf7+ Kxf7 10. Qb3+ d5 11. Qxb4 Re8 12. O-O Kg8 13. Nbd2 b6 14.
Rfe1 c5 15. Qa3 cxd4 16. Qd3 Bb7 17. Nb3 Nc5 18. Qxd4 Re4 19. Qd1 Qf6 20. Nxc5
Rxe1+ 21. Nxe1 bxc5 22. Qb3 Rf8 23. Nf3 Bc6 24. Re1 a5 25. Qc3 Qxc3 26. bxc3
Re8 27. Ne5 Bb5 28. f4 g5 29. fxg5 d4 30. cxd4 cxd4 31. Kf2 Rc8 32. Rd1 Rc2+
33. Kg3 d3 34. Kf3 Rxa2 35. Nxd3 Bc6+ 36. Kf4 Rxg2 37. Ne5 Be8 38. Rd8 Kf8 39.
Ra8 a4 40. h4 Rh2 41. Kg3 Re2 42. Nd7+ Kf7 43. Nc5 Rc2 44. Nxa4 Bc6 45. Ra7+
Kg6 46. Ra6 Kh5 47. Nb2 1/2-1/2

[Event "Mechanics' Spring TNM; G/2"]
[Site "San Francisco"]
[Date "2015.03.31"]
[Round "3.10"]
[White "Basak, Aniruddha"]
[Black "Sainz, Guadalupe"]
[Result "1-0"]
[WhiteElo "2039"]
[BlackElo "1835"]
[PlyCount "63"]
[EventDate "2015.??.??"]

1. e4 c5 2. Nf3 d6 3. d4 cxd4 4. Nxd4 Nf6 5. Nc3 a6 6. h3 e5 7. Nde2 b5 8. g4
Bb7 9. Bg2 b4 10. Nd5 Nxd5 11. exd5 Nd7 12. O-O Be7 13. Ng3 g6 14. Bh6 Nc5 15.
f4 Bh4 16. Kh2 Bxg3+ 17. Kxg3 e4 18. Qd4 Rg8 19. Bxe4 Nxe4+ 20. Qxe4+ Kd7 21.
Qxb4 Bxd5 22. Rad1 Qb8 23. Qxb8 Raxb8 24. Rxd5 Rxb2 25. Rfd1 Rb6 26. f5 Rc8 27.
Bf4 Rc3+ 28. R1d3 Rcc6 29. c4 g5 30. Bxg5 Rxc4 31. Be3 Rbc6 32. Bf4 1-0

[Event "Mechanics' Leighton Allen TNM; G/2"]
[Site "San Francisco"]
[Date "2015.08.10"]
[Round "2.6"]
[White "Basak, Aniruddha"]
[Black "Sarafian, Greg M"]
[Result "1-0"]
[WhiteElo "2165"]
[BlackElo "1913"]
[PlyCount "47"]
[EventDate "2015.??.??"]

1. e4 e5 2. Nf3 Nc6 3. d4 exd4 4. Bc4 Nf6 5. e5 d5 6. Bb5 Nd7 7. O-O Be7 8.
Bxc6 bxc6 9. Nxd4 Nb8 10. Nc3 c5 11. Ndb5 c6 12. Nd6+ Bxd6 13. exd6 Qxd6 14.
Re1+ Be6 15. Ne4 Qe7 16. Bg5 f6 17. Nxc5 Qxc5 18. Rxe6+ Kd8 19. Be3 Qb4 20. c4
Qxc4 21. Rc1 Qxa2 22. Qg4 Rg8 23. Rd6+ Kc7 24. Qe6 1-0

[Event "Mechanics' Summer TNM; G/2"]
[Site "San Francisco"]
[Date "2015.07.14"]
[Round "8.2"]
[White "Basak, Aniruddha"]
[Black "Traub, Igor Vladim"]
[Result "1-0"]
[WhiteElo "2031"]
[BlackElo "2097"]
[PlyCount "97"]
[EventDate "2015.??.??"]

1. e4 e6 2. d4 d5 3. Nc3 Bb4 4. e5 c5 5. Bd2 Nh6 6. Bxh6 gxh6 7. a3 Bxc3+ 8.
bxc3 Qa5 9. Qd2 Nc6 10. Nf3 Bd7 11. dxc5 Qxc5 12. Bd3 d4 13. cxd4 Nxd4 14. Nxd4
Qxd4 15. O-O Bc6 16. Rae1 Rg8 17. g3 Rg5 18. Qb4 Rd8 19. Qxd4 Rxd4 20. f4 Rg4
21. Kf2 Ra4 22. Ra1 Rg7 23. Rfb1 f5 24. exf6 Rd7 25. Re1 Kf7 26. Bxh7 Kxf6 27.
Bd3 Rd5 28. Re3 Rda5 29. Rae1 Bd5 30. c4 Bxc4 31. Bxc4 Rxc4 32. Rxe6+ Kf5 33.
R1e3 Rc6 34. Re7 Rb5 35. Kf3 Kf6 36. Rh7 Kg6 37. Ree7 Rc3+ 38. Kg4 h5+ 39. Kh4
Rxa3 40. Reg7+ Kf6 41. Rxb7 Rxb7 42. Rxb7 Ra5 43. h3 Kg6 44. Rc7 Kh6 45. g4
hxg4 46. hxg4 Ra1 47. Rc6+ Kg7 48. Kg5 Rb1 49. Rc7+ 1-0

[Event "Mechanics' Leighton Allen TNM; G/2"]
[Site "San Francisco"]
[Date "2015.09.22"]
[Round "8.2"]
[White "Basak, Aniruddha"]
[Black "Winslow, Elliott C"]
[Result "0-1"]
[WhiteElo "2165"]
[BlackElo "2328"]
[Annotator "Winslow,Elliott"]
[PlyCount "98"]
[EventDate "2015.??.??"]

1. e4 c5 2. Nf3 e6 3. d4 cxd4 4. Nxd4 a6 5. Nc3 Qc7 6. g3 Bb4 7. Bd2 Nf6 8. Bg2
Nc6 9. Nxc6 dxc6 10. O-O Be7 11. Re1 $146 (11. a4) (11. Be3) (11. Qe2) (11. f4
$5) 11... e5 12. Na4 $2 b5 13. Nc3 Be6 14. Qe2 Rd8 15. f3 h5 16. h4 Nd7 17. Be3
Bc5 18. Bxc5 Nxc5 19. Qe3 Qe7 20. Rad1 O-O 21. Ne2 f6 22. b3 Nb7 23. Kh2 Qc5
24. Qxc5 Nxc5 25. Bh3 Kf7 26. Bxe6+ Nxe6 27. Kg2 a5 28. Kf2 Ke7 29. Ke3 g5 30.
hxg5 fxg5 31. Rxd8 Rxd8 32. Rh1 Rh8 33. f4 exf4+ 34. gxf4 gxf4+ 35. Nxf4 Nxf4
36. Kxf4 {Diagram [#]} Ke6 $2 (36... h4 $1 37. Kg4 Kd6 38. Rxh4 (38. Rd1+ Ke5
39. Kh3 Rf8 40. Rd7 Rf2 41. Ra7 a4 42. bxa4 b4) 38... Rxh4+ 39. Kxh4 Ke5 40.
Kg3 Kxe4 41. Kf2 Kd4 42. Ke2 Kc3 43. Kd1 Kb2 $19) 37. Rh4 b4 38. Rh3 $2 (38.
Kg5) (38. Kg3) (38. Kf3) (38. Ke3) 38... h4 39. c4 c5 40. Ke3 Ke5 41. Kf3 Rf8+
42. Kg4 (42. Ke3 Rf4) 42... Kxe4 43. Kxh4 Rh8+ 44. Kg4 Rxh3 45. Kxh3 Kd3 46.
Kg4 Kc3 47. Kf5 Kb2 48. Ke5 Kxa2 49. Kd5 Kxb3 {
0-1 (49) Basak,A-Winslow,E San Francisco 2015 [Winslow,Elliott]} 0-1

[Event "Mechanics' Summer TNM; G/2"]
[Site "San Francisco"]
[Date "2015.06.30"]
[Round "6.3"]
[White "Basak, Aniruddha"]
[Black "Wong, Russell"]
[Result "1-0"]
[WhiteElo "2031"]
[BlackElo "2200"]
[PlyCount "39"]
[EventDate "2015.??.??"]

1. e4 c5 2. Nf3 b6 3. d4 cxd4 4. Nxd4 Bb7 5. Bd3 a6 6. O-O e6 7. Nc3 Qc7 8. Re1
Nc6 9. Nxc6 Qxc6 10. Bf1 Bb4 11. Qd4 Bxc3 12. bxc3 Nf6 13. Rb1 b5 14. Ba3 Nxe4
15. c4 Ng5 16. Re3 f6 17. cxb5 axb5 18. Rxb5 e5 19. Qb4 Rxa3 20. Rxa3 1-0

[Event "Mechanics' Fall TNM; G/2"]
[Site "San Francisco"]
[Date "2015.11.17"]
[Round "5.40"]
[White "Baterdene, Jonatha"]
[Black "Simpkins, Jerry"]
[Result "0-1"]
[WhiteElo "629"]
[BlackElo "1547"]
[Annotator "Donaldson"]
[PlyCount "58"]
[EventDate "2015.??.??"]

1. e4 e5 2. Nf3 Nc6 3. Bc4 Nf6 4. Nc3 Bc5 5. d3 O-O 6. O-O h6 7. Be3 Bxe3 8.
fxe3 Ng4 9. Qe2 d6 10. d4 Na5 11. Bd3 Be6 12. d5 Bd7 13. b4 c5 14. bxa5 Qxa5
15. Bb5 Qxc3 16. Bxd7 Nxe3 17. Rfe1 Nxc2 18. Rac1 Qa5 19. Rxc2 a6 20. Qd2 Qc7
21. Ba4 b5 22. Bb3 c4 23. Bxc4 (23. Rcc1 $18) 23... bxc4 24. Qb4 Rac8 25. Qxc4
$4 (25. Rec1) 25... Qxc4 26. Rxc4 Rxc4 27. Nd2 Rc2 28. Re2 Rb8 29. h3 Rbb2 0-1

[Event "Mechanics' Fall TNM; G/2"]
[Site "San Francisco"]
[Date "2015.11.03"]
[Round "3.33"]
[White "Baterdene, Jonathan"]
[Black "Allen, Tom Carter"]
[Result "0-1"]
[WhiteElo "629"]
[BlackElo "1560"]
[Annotator "Donaldson"]
[PlyCount "52"]
[EventDate "2015.??.??"]

1. e4 e5 2. Nf3 Nc6 3. Nc3 Nf6 4. Bc4 Nxe4 5. Qe2 (5. O-O Nxc3 6. dxc3 Be7 (
6... f6 7. Nh4 g6 8. f4 Qe7)) 5... Nxc3 6. dxc3 d6 7. h3 Be7 8. O-O O-O 9. Bg5
$2 Bxg5 10. Nxg5 Qxg5 11. Qf3 Be6 12. Bd3 f5 13. Be2 e4 14. Qh5 Qxh5 15. Bxh5
g6 16. Be2 f4 17. Rae1 f3 18. gxf3 Bxh3 19. Bc4+ Kh8 20. Rxe4 Bxf1 21. Kxf1 Ne5
22. Bd5 c6 23. Bb3 Rxf3 24. Kg2 Raf8 25. Re2 Ng4 26. Re7 Rxf2+ 0-1

[Event "Mechanics' Fall TNM; G/2"]
[Site "San Francisco"]
[Date "2015.12.15"]
[Round "9.24"]
[White "Baterdene, Jonathan"]
[Black "Casares Jr, Nick"]
[Result "0-1"]
[WhiteElo "629"]
[BlackElo "1600"]
[Annotator "Donaldson"]
[PlyCount "52"]
[EventDate "2015.??.??"]

1. e4 e5 2. Nf3 Nc6 3. Nc3 Nf6 4. Bc4 Nxe4 5. Nxe4 (5. O-O Nxc3 6. dxc3 {
is the Boden-Kieseritzky gambit.}) 5... d5 6. Bd3 dxe4 7. Bxe4 Bc5 (7... Bd6)
8. c3 (8. O-O) 8... Bg4 9. b4 Bb6 10. b5 Na5 11. Ba3 $2 f5 $1 12. h3 $2 fxe4
13. hxg4 exf3 14. Qxf3 Qf6 15. Qxf6 gxf6 16. Rh6 Nc4 17. Bc1 O-O-O 18. d3 Rxd3
19. Rxf6 Ba5 20. Bg5 Bxc3+ 21. Ke2 Bxa1 22. Kxd3 e4+ 23. Kxc4 Bxf6 24. Bxf6 Rf8
25. Bh4 Rf4 26. Kc3 Rxg4 0-1

[Event "Mechanics' Fall TNM; G/2"]
[Site "San Francisco"]
[Date "2015.11.24"]
[Round "6.37"]
[White "Baterdene, Jonathan"]
[Black "Henriques, Keith A"]
[Result "1-0"]
[WhiteElo "629"]
[BlackElo "140"]
[PlyCount "33"]
[EventDate "2015.??.??"]

1. e4 e5 2. Nf3 Nc6 3. Nc3 Nf6 4. Bc4 Qe7 5. d3 h6 6. Nd5 Nxd5 7. Bxd5 Qb4+ 8.
Bd2 Qxb2 9. O-O Nd4 10. Nxd4 exd4 11. Qh5 g6 12. Qe5+ Be7 13. Qxh8+ Bf8 14.
Qe5+ Kd8 15. Qf6+ Be7 16. Qh8+ Bf8 17. Qxf8# 1-0

[Event "Mechanics' Winter TNM; 30/90, SD/30"]
[Site "San Francisco"]
[Date "2015.01.13"]
[Round "2.42"]
[White "Bayaraa, Bilguun"]
[Black "Harris, Clarence"]
[Result "0-1"]
[WhiteElo "644"]
[BlackElo "1582"]
[Annotator "Donaldson"]
[PlyCount "66"]
[EventDate "2015.??.??"]

1. e4 e5 2. Nf3 Nc6 3. Bb5 a6 4. Ba4 Nf6 5. Nc3 Be7 6. Bxc6 dxc6 7. d4 exd4 8.
Qxd4 Qxd4 9. Nxd4 Bb4 10. O-O O-O 11. Bf4 Bxc3 12. bxc3 Nxe4 13. c4 c5 14. Rae1
cxd4 15. Rxe4 c5 16. Rfe1 Bf5 17. Re7 b5 18. R1e5 Be6 19. Rxc5 Rfe8 20. Rxe8+
Rxe8 21. cxb5 axb5 22. a3 Bc4 23. h3 h6 24. a4 Re4 25. Bd6 Re2 26. axb5 Rxc2
27. b6 d3 28. b7 d2 29. b8=Q+ Kh7 30. Qe8 $4 (30. Qb1 $18) 30... d1=Q+ 31. Kh2
Qxd6+ 32. Kg1 Rc1+ 33. Qe1 Rxe1# 0-1

[Event "Mechanics' Winter TNM; 30/90, SD/30"]
[Site "San Francisco"]
[Date "2015.01.27"]
[Round "4.48"]
[White "Bayaraa, Bilguun"]
[Black "Hood, Bryan"]
[Result "0-1"]
[WhiteElo "644"]
[BlackElo "1521"]
[PlyCount "66"]
[EventDate "2015.??.??"]

1. d4 d5 2. Nc3 e6 3. Nf3 Nf6 4. Bf4 Bb4 5. Qd3 c6 6. a3 Qa5 7. e3 Ne4 8. Be2
Nxc3 9. O-O Nxe2+ 10. Qxe2 Be7 11. Be5 O-O 12. e4 Nd7 13. exd5 Nxe5 14. dxe5
exd5 15. Rae1 b6 16. Nd4 Qa4 17. b3 Qxd4 18. c3 Qxc3 19. Rc1 Qa5 20. Rxc6 Ba6
21. Qe1 Bxf1 22. Qxf1 Rac8 23. b4 Qxa3 24. Rxc8 Rxc8 25. h3 Rc1 26. Qxc1 Qxc1+
27. Kh2 Qf4+ 28. Kh1 Qxe5 29. Kg1 Qe1+ 30. Kh2 Bd6+ 31. g3 Qxf2+ 32. Kh1 Qxg3
33. h4 Qh2# 0-1

[Event "Mechanics' Winter TNM; 30/90, SD/30"]
[Site "San Francisco"]
[Date "2015.02.24"]
[Round "8.49"]
[White "Bayaraa, Bilguun"]
[Black "Otterbach, Renate"]
[Result "0-1"]
[WhiteElo "588"]
[BlackElo "1076"]
[Annotator "Donaldson"]
[PlyCount "26"]
[EventDate "2015.??.??"]

1. d4 d5 2. Nf3 Nf6 3. Nc3 e6 4. Bf4 Nbd7 5. e3 (5. Nb5 Bb4+ 6. c3 Ba5 7. b4
Bb6) 5... c5 $2 6. dxc5 (6. Nb5 $1) 6... Nxc5 7. a3 Be7 8. b4 Nce4 9. Nxe4 Nxe4
10. Bd3 Bf6 11. Rc1 Nc3 12. Qd2 Na2 13. Rb1 Bc3 0-1

[Event "Mechanics' Leighton Allen TNM; G/2"]
[Site "San Francisco"]
[Date "2015.09.08"]
[Round "6.23"]
[White "Bayaraa, Chinguun"]
[Black "Brown, Nicholas M"]
[Result "1-0"]
[WhiteElo "1904"]
[BlackElo "1451"]
[PlyCount "67"]
[EventDate "2015.??.??"]

1. d4 d5 2. c4 e6 3. Nc3 Be7 4. Nf3 Nf6 5. Bg5 dxc4 6. e3 O-O 7. Bxc4 Nbd7 8.
O-O b6 9. Qe2 Bb7 10. Rfd1 Qb8 11. Rac1 Rd8 12. e4 Re8 13. Bf4 Nf8 14. h3 Ng6
15. Bh2 a6 16. Bd3 Bd8 17. Na4 Bc8 18. Qc2 Ra7 19. Ne5 Nxe5 20. Bxe5 h6 21. Bh2
Bd7 22. Nc3 Qa8 23. e5 Nd5 24. Nxd5 exd5 25. f4 Qc8 26. Rf1 Bh4 27. f5 Bg5 28.
Bf4 Bxf4 29. Rxf4 c6 30. Qf2 Rf8 31. f6 g5 32. Rf3 Rc7 33. Bb1 c5 34. Qc2 1-0

[Event "Mechanics' Winter TNM; 30/90, SD/30"]
[Site "San Francisco"]
[Date "2015.01.13"]
[Round "2.14"]
[White "Bayaraa, Chinguun"]
[Black "Chalissery, Jossy"]
[Result "1/2-1/2"]
[WhiteElo "2062"]
[BlackElo "1706"]
[Annotator "Donaldson"]
[PlyCount "83"]
[EventDate "2015.??.??"]

1. d4 d5 2. c4 dxc4 3. Nc3 e6 $6 (3... e5) 4. e3 Nf6 5. Bxc4 c5 6. Nf3 cxd4 7.
Nxd4 Bd7 8. O-O Be7 9. Qe2 O-O 10. Rd1 Qa5 11. a3 Nc6 12. Nxc6 Bxc6 13. Bd2 Qh5
14. Qxh5 Nxh5 15. b4 b6 16. Be1 Rfd8 17. Rdc1 Bb7 18. Rc2 Nf6 19. Rac1 a6 20.
Be2 b5 21. f3 Nd7 22. Bg3 Rac8 23. h3 Nb6 24. Kf2 Bf6 25. Nd1 Rxc2 26. Rxc2 Nd5
27. Bh2 Rc8 28. Rxc8+ Bxc8 29. Bd6 Be7 30. Bxe7 Nxe7 31. e4 e5 32. Ke3 f6 33.
Nc3 Nc6 34. Nd5 Kf8 35. Bd1 Nd4 36. a4 Bb7 37. Nc7 Ke7 38. axb5 axb5 39. Be2
Bc6 40. Bd1 Bb7 41. Be2 Bc6 42. Bd1 1/2-1/2

[Event "Mechanics' Leighton Allen TNM; G/2"]
[Site "San Francisco"]
[Date "2015.09.15"]
[Round "7.35"]
[White "Bayaraa, Chinguun"]
[Black "Chea, Na"]
[Result "0-1"]
[WhiteElo "1904"]
[BlackElo "1598"]
[PlyCount "64"]
[EventDate "2015.??.??"]

1. d4 Nf6 2. c4 d5 3. Nc3 c6 4. Nf3 Bf5 5. e3 e6 6. Be2 Be7 7. O-O O-O 8. a3 c5
9. dxc5 dxc4 10. Nd4 Bd3 11. Bxd3 cxd3 12. f4 Bxc5 13. Qxd3 Bxd4 14. exd4 Nc6
15. Be3 Ng4 16. Rad1 Nxe3 17. Qxe3 Ne7 18. Qe4 Qb6 19. Rd2 Rfe8 20. Rf3 Qc6 21.
Qd3 Nd5 22. Ne4 Rac8 23. Ng5 g6 24. Rf1 Qc4 25. Qh3 Nf6 26. Qf3 Qd5 27. Qh3 Rc6
28. Qh4 Rec8 29. Nf3 Kg7 30. Rdd1 Rc2 31. Rde1 Qh5 32. Qxh5 Nxh5 {
Black won a long nicely played ending. Remaining moves are unavailable.} 0-1

[Event "Mechanics' Winter TNM; 30/90, SD/30"]
[Site "San Francisco"]
[Date "2015.02.24"]
[Round "8.12"]
[White "Bayaraa, Chinguun"]
[Black "Drane, Robert"]
[Result "1/2-1/2"]
[WhiteElo "2062"]
[BlackElo "1800"]
[Annotator "Donaldson"]
[PlyCount "66"]
[EventDate "2015.??.??"]

1. d4 f5 2. c4 e6 3. Nc3 Nf6 4. Nf3 b6 5. e3 Bb7 6. Bd3 Bb4 7. O-O Bxc3 8. bxc3
O-O 9. Nd2 d6 10. Qc2 Ng4 11. h3 Qh4 12. hxg4 fxg4 13. Ne4 Nd7 14. Qe2 Nf6 15.
Nxf6+ Rxf6 16. e4 Raf8 17. Be3 Rf3 18. Bc2 R8f6 19. d5 {Diagram [#]} Rxe3 $1 (
19... g5 {also works.}) 20. Qxe3 Rh6 21. Qxh6 Qxh6 22. Rad1 e5 23. Rd3 Qf4 24.
Re1 h5 25. g3 Qf6 26. Kg2 Ba6 27. Bb3 Bc8 28. Rh1 Qg6 29. Re3 Bd7 30. Bc2 Qg5
31. Rh2 g6 32. Rh1 Kg7 33. Rb1 Qe7 (33... Qh6 34. Rh1 g5 35. Bd1 h4 {
should win.}) 1/2-1/2

[Event "Mechanics' Winter TNM; 30/90, SD/30"]
[Site "San Francisco"]
[Date "2015.02.17"]
[Round "7.15"]
[White "Bayaraa, Chinguun"]
[Black "Flores, David"]
[Result "1/2-1/2"]
[WhiteElo "2062"]
[BlackElo "1818"]
[PlyCount "101"]
[EventDate "2015.??.??"]

1. d4 Nf6 2. c4 c5 3. d5 b5 4. Nf3 d6 5. Qc2 g6 6. e4 b4 7. h3 Bg7 8. Be3 O-O
9. Nbd2 Nbd7 10. Be2 Rb8 11. O-O Kh8 12. Rab1 Qc7 13. Nh2 e6 14. Nhf3 Nb6 15.
Bd3 Nh5 16. Nb3 e5 17. a3 Nd7 18. axb4 Rxb4 19. Bd2 Rb8 20. Nc1 Ndf6 21. b4 Nf4
22. Bxf4 exf4 23. bxc5 Rxb1 24. Qxb1 Qxc5 25. Nb3 Qc7 26. Nbd4 Bd7 27. Qa2 Rb8
28. Rb1 Rxb1+ 29. Qxb1 h6 30. Qa2 Be8 31. Nb3 Nd7 32. Qa6 Nc5 33. Nxc5 Qxc5 34.
Qb7 Kg8 35. Qe7 Ba4 36. e5 Bf8 37. Qf6 dxe5 38. Nxe5 Qe7 39. Qxf4 Bg7 40. Nf3
Bf8 41. c5 Qe8 42. d6 Bb3 43. Ne5 Qe6 44. d7 Be7 45. c6 Bd8 46. Bc4 Bxc4 47.
Nxc4 Qxc6 48. Ne5 Qe6 49. Qd4 Kf8 50. Qb4+ Kg7 51. Qc3 1/2-1/2

[Event "Mechanics' Winter TNM; 30/90, SD/30"]
[Site "San Francisco"]
[Date "2015.01.20"]
[Round "3.12"]
[White "Bayaraa, Chinguun"]
[Black "Poler, Sebastian"]
[Result "1-0"]
[WhiteElo "2062"]
[BlackElo "1506"]
[Annotator "Donaldson"]
[PlyCount "75"]
[EventDate "2015.??.??"]

1. d4 Nf6 2. c4 e5 3. dxe5 Ng4 4. Nf3 Bc5 5. e3 Nc6 6. a3 Ngxe5 7. b4 Be7 8.
Bb2 Bf6 9. Nc3 O-O 10. Be2 d6 11. h3 Be6 12. Nd2 Qd7 (12... d5 13. cxd5 Bxd5
14. O-O) 13. O-O a5 14. b5 Ne7 15. f4 N5g6 16. Bd3 d5 17. Qc2 dxc4 18. Nxc4 Nf5
19. Rfd1 Bxc4 20. Bxf5 Qe7 21. Be4 Rad8 22. Kh2 b6 23. a4 Qe6 24. Re1 Bb3 25.
Qc1 Rd6 26. Bxg6 hxg6 27. Ne2 Bxb2 28. Qxb2 Qxe3 29. Ng3 {Diagram #} Qd3 $4 (
29... Rd2 30. Qxg7+ Kxg7 31. Rxe3 Bd5 32. Re2 Rd4) 30. Ra3 Qc4 31. Re4 Qc5 32.
Qxb3 Rd2 33. Ra2 Rfd8 34. Re2 R2d3 35. Qc2 Rc3 36. Qe4 Rd4 37. Qe8+ Kh7 38. Ne4
1-0

[Event "Mechanics' Leighton Allen TNM; G/2"]
[Site "San Francisco"]
[Date "2015.08.25"]
[Round "4.23"]
[White "Bayaraa, Chinguun"]
[Black "Simpkins, Jerry"]
[Result "1-0"]
[WhiteElo "1904"]
[BlackElo "1536"]
[PlyCount "91"]
[EventDate "2015.??.??"]

1. d4 d5 2. c4 e6 3. Nc3 Nf6 4. Bg5 Be7 5. e3 c6 6. Nf3 O-O 7. Rc1 h6 8. Bh4
Ne4 9. Bxe7 Qxe7 10. Bd3 f5 11. Ne5 Qf6 12. cxd5 exd5 13. O-O Nd7 14. Nxd7 Bxd7
15. Qb3 Nd2 16. Qxb7 Nxf1 17. Rxf1 Qf7 18. Qa6 Rab8 19. b3 Qe7 20. Be2 Qb4 21.
Qd3 Ra8 22. Na4 Qb5 23. Qd2 Qb8 24. Nc5 Qd6 25. Qa5 Be8 26. Ba6 Qe7 27. Bb7 Rb8
28. Qxa7 Bh5 29. Qa6 Be2 30. Qxe2 Rxb7 31. Nxb7 Qxb7 32. Rc1 f4 33. exf4 Rxf4
34. Qd3 Qb6 35. Rd1 Qa5 36. Qd2 Qc7 37. Re1 Qf7 38. f3 Qf6 39. Rd1 h5 40. Qe3
Kf8 41. a4 g5 42. a5 g4 43. fxg4 hxg4 44. a6 Re4 {Diagram #} 45. Qxe4 dxe4 46.
Rf1 1-0

[Event "Mechanics' Winter TNM; 30/90, SD/30"]
[Site "San Francisco"]
[Date "2015.02.17"]
[Round "7.13"]
[White "Bekhtur, Bayaraa"]
[Black "Shnaiderman, Lazar"]
[Result "1-0"]
[WhiteElo "1731"]
[BlackElo "1846"]
[Annotator "Donaldson"]
[PlyCount "65"]
[EventDate "2015.??.??"]

1. e4 c5 2. c4 Nc6 3. Ne2 Nf6 4. Nbc3 d6 5. d4 cxd4 6. Nxd4 g6 7. Be2 Nxd4 8.
Qxd4 Bg7 9. O-O (9. Bg5 O-O 10. Qd2) 9... O-O 10. f4 (10. Qe3) (10. Qd3) (10.
Bd2) 10... Ng4 11. e5 dxe5 12. Qxd8 Rxd8 13. h3 Nh6 14. fxe5 Nf5 15. Bf4 Nd4
16. Rad1 Nxe2+ (16... Be6 17. b3) 17. Nxe2 Be6 (17... Bf5 18. Nd4) 18. b3 Bf5
19. Nd4 Be4 20. Rfe1 Bc6 21. b4 e6 22. Bg5 Ba4 23. Bxd8 Bxd1 24. Bf6 Ba4 25.
Kf2 Bf8 26. a3 a5 27. c5 axb4 28. axb4 b6 29. Rc1 bxc5 30. bxc5 Rc8 31. c6 Ba3
32. Rc4 Bd1 33. Ke1 1-0